|
|
|
|
| LEADER |
00564nam a22001697a 4500 |
| 999 |
|
|
|c 145281
|d 145281
|
| 020 |
|
|
|a 9789387145184
|
| 082 |
|
|
|a H3
|b JAY/T
|
| 245 |
|
|
|a 30 shades of bela 30 din: 30 lekhak/
|c by Jayanti Ranganathan (ed.)
|
| 260 |
|
|
|a Delhi:
|b Ananya Prakashan,
|c 2018.
|
| 300 |
|
|
|a 144p.
|
| 650 |
|
|
|a Novel Hindi
|
| 650 |
|
|
|a Literature Hindi
|
| 650 |
|
|
|a Literature
|
| 700 |
|
|
|a Jayanti Ranganathan (ed.)
|
| 942 |
|
|
|c BK
|
| 952 |
|
|
|0 0
|1 0
|4 0
|6 H_3_000000000000000_JAY_T
|7 0
|9 103672
|a SSUS
|b SSUS
|c STACKS
|d 2020-09-29
|g 325.00
|o H3 JAY/T
|p 100568
|r 2020-09-29
|w 2020-09-29
|y BK
|